British philosophers, 1800-2000 /

Bibliographic Details
Other Authors: Dematteis, Philip Breed, Fosl, Peter S., McHenry, Leemon B., 1950-
Format: Book
Language:English
Published: Detroit : Gale Group, 2002.
Series:Dictionary of literary biography ; v. 262.
Subjects:
Online Access:Connect to the online version of this resource

MARC

Tag First Indicator Second Indicator Subfields
LEADER 00000cam a22000004a 4500
001 in00001702376
005 20190325103138.0
008 020513s2002 miuac b 001 0 eng
010 |a  2002007416 
020 |a 078766006X 
035 |a (OCoLC)ocm49903449 
040 |a DLC  |c DLC  |d OCLCQ  |d DAY  |d TXA  |d UtOrBLW 
042 |a pcc 
043 |a e-uk--- 
049 |a TXAM 
050 0 0 |a B72  |b .B693 2002 
082 0 0 |a 192  |a B  |2 21 
090 |a PN451  |b .D53 v.262 
245 0 0 |a British philosophers, 1800-2000 /  |c edited by Philip B. Dematteis, Peter S. Fosl, Leemon B. McHenry. 
263 |a 0206 
264 1 |a Detroit :  |b Gale Group,  |c 2002. 
300 |a xxi, 420 pages :  |b illustrations, portraits ;  |c 29 cm. 
336 |a text  |b txt  |2 rdacontent 
337 |a unmediated  |b n  |2 rdamedia 
338 |a volume  |b nc  |2 rdacarrier 
490 1 |a Dictionary of literary biography ;  |v v. 262 
504 |a Includes bibliographical references and index. 
650 0 |a Philosophers  |z Great Britain. 
650 0 |a Philosophy, Modern. 
700 1 |a Dematteis, Philip Breed. 
700 1 |a Fosl, Peter S. 
700 1 |a McHenry, Leemon B.,  |d 1950- 
830 0 |a Dictionary of literary biography ;  |v v. 262. 
856 4 1 |u http://proxy.library.tamu.edu/login?url=http://galenet.galegroup.com/servlet/GLA?dd=0&locID=txshracd2898&srchtp=a&sSte=10&c=391&typ=All&sDocNum=BK1559995012&docNum=BK1559999999&vrsn=1.0&l0=2002&af=RN&srs=dlb&ste=25&stp=SeriesTitle&d4=0.25&dc=tiPG&n=30&tiPG=0  |z Connect to the online version of this resource  |t 0 
994 |a E0  |b TXA 
948 |a cataloged  |b h  |c 2002/9/23  |d c  |e blrosas  |f 11:47:39 am 
999 |a MARS 
999 f f |s b7f5d800-9a19-3a87-a7c2-110fa5d22594  |i eb69fbf8-804e-3388-a1a9-6db16b740d6e  |t 0 
952 f f |p storage  |a Texas A&M University  |b J.J. Pickle Campus  |c High Density Repository  |d Remote Storage  |t 0  |e PN451 .D53 v.262  |h Library of Congress classification  |i unmediated -- volume  |m A14829048446 
998 f f |a PN451 .D53 v.262  |t 0  |l Remote Storage